The memoirs and secret negotiations of John Ker, of Kersland Esq; Part II. Published by his express direction.

Bibliographic Details
Main Author: Ker, John, 1673-1726
Format: eBook
Language:English
Series:Eighteenth century collections online.
Online Access:Full text online

MARC

Tag First Indicator Second Indicator Subfields
LEADER 00000cam a2200000 4500
001 in00001860021
006 m | d |
007 cr |n||||||||n
008 870707s1727 enk|||| s 00||||eng d
005 20260403185035.0
035 |a (CStRLIN)ESTCT171478 
040 |a Uk-ES  |c Uk-ES  |d Cu-RivES  |d CStRLIN  |d Thomson Gale  |d UtOrBLW 
100 1 |a Ker, John,  |d 1673-1726. 
240 1 0 |a Memoirs of John Ker.  |p Part 2 
245 1 4 |a The memoirs and secret negotiations of John Ker, of Kersland Esq; Part II. Published by his express direction. 
264 3 |a London :  |b printed in the year,  |c 1727. 
300 |a 2 unnumbered pages, iv, 2 unnumbered pages, 111, 1 unnumbered page ;  |c 8⁰. 
336 |a text  |b txt  |2 rdacontent 
337 |a computer  |b c  |2 rdamedia 
338 |a online resource  |b cr  |2 rdacarrier 
500 |a Reproduction of original from the Bodleian Library (Oxford). 
510 4 |a English Short Title Catalog,  |c ESTCT171478. 
533 |a Electronic reproduction.  |b Farmington Hills, Mich. :  |c Thomson Gale,  |d 2003.  |n Available via the World Wide Web.  |n Access limited by licensing agreements  |7 s2003 miunns 
500 |a Electronic resource. 
830 0 |a Eighteenth century collections online. 
856 4 0 |u http://proxy.library.tamu.edu/login?url=https://galenet.galegroup.com/servlet/ECCO?c=1&stp=Author&ste=11&af=BN&ae=T171478&tiPG=1&dd=0&dc=flc&docNum=CW103635567&vrsn=1.0&srchtp=a&d4=0.33&n=10&SU=0LRH&locID=txshracd2898  |z Full text online  |t 0 
999 |a MARS 
999 f f |s 43bd6ff7-220e-3ffc-bf50-f3cd51d88cf0  |i e08e87bb-5e2a-3835-b1b2-fbcf369907ff  |t 0 
952 f f |a Texas A&M University  |b College Station  |c Electronic Resources  |s www_evans  |d Available Online  |t 0  |h No information provided 
998 f f |t 0  |l Available Online